La democracia frente al reto del estado eficiente (Registro nro. 6994)

Detalles MARC
000 -LEADER
fixed length control field 00876 a2200241 4500
001 - CONTROL NUMBER
control field 60441
005 - DATE AND TIME OF LATEST TRANSACTION
control field 20260407155855.0
008 - FIXED-LENGTH DATA ELEMENTS--GENERAL INFORMATION
fixed length control field 260407a1988 arg spa d
003 - CONTROL NUMBER IDENTIFIER
control field AR-UNSa-BCEJYS
040 ## - CATALOGING SOURCE
Original cataloging agency AR-UNSa-BCEJYS
Language of cataloging spa
Transcribing agency AR-UNSa-BCEJYS
080 ## - UNIVERSAL DECIMAL CLASSIFICATION NUMBER
Universal Decimal Classification number 321.7
Common auxiliary subdivision Democracia
020 ## - INTERNATIONAL STANDARD BOOK NUMBER
International Standard Book Number 978-950-694-031-7
041 ## - LANGUAGE CODE
Language code of text/sound track or separate title spa
100 1# - MAIN ENTRY--PERSONAL NAME
Personal name Costa Filho, Alfredo
245 10 - TITLE STATEMENT
Title La democracia frente al reto del estado eficiente
264 #1 - PRODUCTION, PUBLICATION, DISTRIBUTION, MANUFACTURE, AND COPYRIGHT NOTICE
Place of production, publication, distribution, manufacture Buenos Aires :
Name of producer, publisher, distributor, manufacturer Grupo Editor Latinoamericano
Date of production, publication, distribution, manufacture, or copyright notice 1988
300 ## - PHYSICAL DESCRIPTION
Extent 213 p.
Dimensions 23 cm.
505 ## - FORMATTED CONTENTS NOTE
Formatted contents note 1. Los nuevos paradigmas - 2. Planificación, gestión y políticas públicas - 3. Los enlaces necesarios entre planificación y gestión - 4. La formación de planificadores y administradores públicos -
590 ## - LOCAL NOTE (RLIN)
Local note niveau_biblio:m niveau_hierar:0
700 1# - ADDED ENTRY--PERSONAL NAME
Personal name Kliksberg, Bernardo
700 1# - ADDED ENTRY--PERSONAL NAME
Personal name Martín, Juan
942 ## - ADDED ENTRY ELEMENTS (KOHA)
Koha item type
Existencias
Withdrawn status Lost status Damaged status Not for loan Home library Current library Shelving location Date acquired Total checkouts Full call number Barcode Date last seen Price effective from Koha item type Public note
        Biblioteca Prof. Eusebio Cleto del Rey Biblioteca Prof. Eusebio Cleto del Rey   07/04/2026   321.7 C837 L129183 07/04/2026 07/04/2026 Libro RESALTADOR PÁG: 7 A 9,17,21,186,189,115 - LÁPIZ - LAPICERA